| 000 | 00430cam a2200169ua 4500 | ||
|---|---|---|---|
| 020 | _cRs.10/- | ||
| 041 |
_amal _h |
||
| 082 |
_a894.812301 _bVIV/TH |
||
| 100 | _aVivekanadan, G . | ||
| 245 |
_aTherenchedutha kathakal / _cVivekandan.G. _hTextual Documents |
||
| 260 |
_a : _bSahithiya Pavarthaka Co-society , _c1969. |
||
| 300 | _a410 ; . | ||
| 365 | _aRs.10/- | ||
| 504 | _a | ||
| 942 | _cBK | ||
| 999 |
_c12008 _d12008 |
||